| 000 -GUIDE |
| Champ de contrôle de longueur fixe |
00845caa a22002297a 4500 |
| 003 - IDENTITÉ DU NUMÉRO DE CONTRÔLE |
| Champ de contrôle |
BI-BuBU |
| 008 - ÉLÉMENTS DE LONGUEUR FIXE - RENSEIGNEMENTS GÉNÉRAUX |
| Champ de contrôle de longueur fixe |
140314s2006 xxu||||| |||| 00| 0 fre d |
| 020 ## - INTERNATIONAL STANDARD BOOK NUMBER |
| ISBN |
ISBN 10 : 92 - 1 - 25117 - 1 |
| 039 ## - NIVEAU DE CONTRÔLE BIBLIOGRAPHIQUE ET HISTORIQUE D'ENCODAGE [OBSOLETE] |
| Date creation |
20140318102251.0 |
| Nom catalographe |
Verhasselt |
| 040 ## - SOURCE DU CATALOGAGE |
| Organisme qui a effectué le catalogage original |
BI-BuBU |
| Code de la langue utilisée dans le catalogage |
fre |
| Organisme qui a effectué la transcription |
BI-BuBU |
| 080 0# - INDICE DE LA CLASSIFICATION DÉCIMALE UNIVERSELLE (CDU) |
| Indice de la Classification décimale universelle |
312 |
| 245 00 - MENTION DU TITRE |
| Titre |
Perspectives de baisse de taux de fécondité dans les pays à taux de fécondité élevé |
| 260 ## - PUBLICATION, DIFFUSION, ETC. (ADRESSE BIBLIOGRAPHIQUE) |
| Lieu de publication, diffusion, etc. |
New York |
| Nom de l'éditeur, diffuseur, etc. |
Nations Unies |
| Date of publication, distribution, etc |
2006 |
| 300 ## - DESCRIPTION MATÉRIELLE |
| Collation |
VIII - 362 p. |
| Autres caractéristiques matérielles |
couv. en coul. |
| Dimensions |
22 cm |
| 500 ## - NOTE GÉNÉRALE |
| Note générale |
N° spécial de : " Bulletin démographique des Nations Unies" n° 46 - 47 , 2002 |
| 650 #7 - VEDETTE-MATIÈRE - NOM COMMUN |
| Vedette de sujet ou vedette comportant un nom géographique |
Fecondité. Pays a taux de fecondité. Eleve |
| 650 #7 - VEDETTE-MATIÈRE - NOM COMMUN |
| Vedette de sujet ou vedette comportant un nom géographique |
perspectives |
| 650 #7 - VEDETTE-MATIÈRE - NOM COMMUN |
| Vedette de sujet ou vedette comportant un nom géographique |
CUD. DataWinIsis. Verhasselt |
| 942 ## - ÉLÉMENTS D'ENTRÉE ADDITIONNELLE (KOHA) |
| Type d item koha |
BOOK |